新横浜駅から出ている行き先 - Statistics

General Stats
  • This quiz has been taken 424 times
  • The average score is 37 of 44
Answer Stats
Answer % Correct
東京
99%
新大阪
99%
名古屋
98%
広島
98%
博多
98%
静岡
97%
浜松
97%
岡山
97%
三島
96%
八王子
95%
姫路
94%
東神奈川
93%
桜木町
93%
橋本
92%
大船
91%
湘南台
91%
湘南台
91%
海老名
90%
渋谷
90%
町田
88%
磯子
87%
和光市
85%
池袋
84%
あざみ野
83%
目黒
83%
西谷
82%
武蔵小杉
82%
武蔵小杉
82%
新宿三丁目
81%
森林公園
80%
浦和美園
80%
大和
78%
川越市
78%
小川町
77%
西高島平
77%
赤羽岩淵
77%
志木
70%
高島平
69%
鳩ヶ谷
66%
奥沢
63%
新羽
59%
踊場
59%
駒込
55%
上永谷
54%
No matching quizzes found
Score Distribution
Percent of People with Each Score
Percentile by Number Answered
Your Score History
You have not taken this quiz